000 00504cam a2200217 4500
001 B3444
008 090401t1990 xxu||||| |||| 00| 0 eng d
035 _a(Sirsi) u56054
041 _aeng
050 _a711.73
110 _aChesterton
_92357
245 4 _aThe M40 corridor open for business
260 _aLondon
_bChesterton
_c1990
300 _a33p. : ill.,maps ; 30cm.
350 _a45
650 _aB1
650 _aBUSINESS SPACE
650 _aOFFICES
942 _n0
948 _c04/03/1997
999 _c93711
_d93711